[Event "Haninge"]
[Site "?"]
[Date "1990.??.??"]
[Round "?"]
[White "Hellers, F."]
[Black "Karpov, An"]
[Result "0-1"]
[WhiteElo "2525"]
[BlackElo "2730"]
[PlyCount "78"]
[EventDate "1990.??.??"]
[Source "ChessBase"]
[SourceDate "1990.01.01"]

1. e4 e5 2. Nc3 Nf6 3. f4 d5 4. fxe5 Nxe4 5. Nf3 Be7 6. Qe2 Ng5 7. d4 c6 8. Qf2 Nxf3+ 9. Qxf3 Qb6 10. Qf2 f6 11. Qg3 Be6 12. Qxg7 Rg8 13. Qxh7 Qxd4 14. Bd2 Qxe5+ 15. Be2 Qf5 16. Qh6 Qxc2 17. O-O Kd7 18. Qe3 Qg6 19. g3 b6 20. Kh1 Bc5 21. Qf3 Bd4 22. Bf4 Bg4 23. Qg2 Bxc3 24. Bxg4+ Qxg4 25. bxc3 Re8 26. c4 Re2 27. Rf2 Rxf2 28. Qxf2 Na6 29. cxd5 Qh5 30. dxc6+ Kxc6 31. Rc1+ Nc5 32. Be3 Rf8 33. a4 Qd5+ 34. Kg1 f5 35. a5 Re8 36. axb6 axb6 37. Bxc5 bxc5 38. Rf1 Re5 39. Qc2 c4 0-1

[Event "DEN Team Ch 9596"]
[Site "Denmark"]
[Date "1995.??.??"]
[Round "2"]
[White "Berg, Klaus"]
[Black "Hansen, Lars Bo"]
[Result "0-1"]
[WhiteElo "2420"]
[BlackElo "2565"]
[PlyCount "132"]
[EventDate "1995.??.??"]
[Source "www.chesslib.no"]
[SourceDate "2004.05.04"]

1. e4 e5 2. Nc3 Nf6 3. f4 d5 4. fxe5 Nxe4 5. Nf3 Be7 6. d4 O-O 7. Bd3 Nxc3 8. bxc3 c5 9. O-O c4 10. Be2 Nc6 11. Ne1 Be6 12. Bg4 Qd7 13. Bxe6 Qxe6 14. g3 f6 15. exf6 Rxf6 16. Rxf6 Bxf6 17. Ng2 b5 18. Be3 Qe4 19. a3 Re8 20. Qd2 Qe7 21. a4 bxa4 22. Rxa4 a5 23. Ra1 Ra8 24. Nf4 Qe4 25. Nh5 Be7 26. Bg5 Bf8 27. h4 a4 28. Qf4 Qxf4 29. Bxf4 a3 30. Bc7 Ra7 31. Bb6 Ra6 32. Bc7 Ra7 33. Bb6 Rb7 34. Bc5 Bxc5 35. dxc5 Ra7 36. Nf4 d4 37. Ne2 d3 38. cxd3 cxd3 39. Nd4 Nxd4 40. cxd4 d2 41. Kf2 Re7 42. c6 Re1 43. c7 Rc1 44. Ke3 d1=Q 45. c8=Q+ Rxc8 46. Rxd1 a2 47. Ra1 Ra8 48. Ke4 Ra5 49. d5 Kf7 50. Ke5 Ke7 51. g4 Ra4 52. g5 g6 53. d6+ Kd7 54. Kf6 Kxd6 55. Kg7 Ra7+ 56. Kh6 Kd5 57. Rd1+ Kc4 58. Rc1+ Kb3 59. Rf1 a1=Q 60. Rxa1 Rxa1 61. Kxh7 Ra6 62. Kh6 Kc4 63. h5 gxh5+ 64. Kxh5 Kd5 65. g6 Ke6 66. Kh6 Kf5 0-1

[Event "Copenhagen Open"]
[Site "Copenhagen DEN"]
[Date "1990.??.??"]
[Round "10"]
[White "Hector, Jonny"]
[Black "Inkiov, Ventzislav V"]
[Result "1/2-1/2"]
[WhiteElo "2465"]
[BlackElo "2510"]
[PlyCount "117"]
[EventDate "1990.06.??"]
[Source "www.chesslib.no"]
[SourceDate "2004.05.04"]

1. e4 e5 2. Nc3 Nf6 3. f4 d5 4. fxe5 Nxe4 5. Nf3 Be7 6. Qe2 Nxc3 7. dxc3 c5 8. Bf4 Nc6 9. O-O-O Be6 10. c4 d4 11. h4 h6 12. a3 Qa5 13. Qf2 O-O-O 14. Bd3 Qa4 15. Nd2 Na5 16. Kb1 b5 17. Qf3 Kb8 18. b3 Qxa3 19. cxb5 g5 20. hxg5 hxg5 21. Rxh8 Rxh8 22. Bg3 g4 23. Qe4 Bg5 24. Nc4 Nxc4 25. Bxc4 Bd2 26. Qc6 Bc3 27. Qd6+ Kb7 28. Bd5+ Bxd5 29. Qxd5+ Kb6 30. Qc6+ Ka5 31. Qa6+ Kb4 32. Qxa3+ Kxa3 33. Kc1 Kb4 34. Rf1 Kxb5 35. Kd1 Rh7 36. Ke2 c4 37. Rf5 Kc6 38. bxc4 a5 39. Kd3 a4 40. Bf2 a3 41. Bxd4 Bxd4 42. Kxd4 a2 43. Rf6+ Kb7 44. Rf1 g3 45. Kd5 Rh2 46. Rxf7+ Ka6 47. Rf1 Rxg2 48. e6 Rd2+ 49. Kc6 Re2 50. Kd6 Rd2+ 51. Kc7 Rxc2 52. e7 Re2 53. Kd6 g2 54. Ra1 Kb6 55. c5+ Kb5 56. Rc1 Rd2+ 57. Kc7 Re2 58. Kd8 Rd2+ 59. Kc7 1/2-1/2

[Event "Tch (Men) 2005/2006 NED"]
[Site "?"]
[Date "2005.09.24"]
[Round "1"]
[White "Lemmers Oscar"]
[Black "Naumann Alexander"]
[Result "1/2-1/2"]
[WhiteElo "2425"]
[BlackElo "2536"]
[PlyCount "71"]
[EventDate "2005.??.??"]
[Source "www.chesslib.no"]
[SourceDate "2004.05.04"]

1. e4 e5 2. Nc3 Nf6 3. f4 d5 4. fxe5 Nxe4 5. Nf3 Be7 6. d4 O-O 7. Bd3 Nxc3 8. bxc3 c5 9. O-O Nc6 10. Bxh7+ Kxh7 11. Ng5+ Bxg5 12. Qh5+ Kg8 13. Bxg5 Qe8 14. Bf6 Ne7 15. Rf3 Ng6 16. Raf1 Qb5 17. g4 Qe2 18. Qg5 Qe4 19. Rg3 cxd4 20. cxd4 Qxd4+ 21. Rf2 Be6 22. c3 Qe4 23. Rf5 Bxf5 24. gxf5 Qe1+ 25. Kg2 Qe2+ 26. Kg1 Qe1+ 27. Kg2 Qe4+ 28. Kg1 gxf6 29. Qxf6 Qe1+ 30. Kg2 Qe2+ 31. Kg1 Qe1+ 32. Kg2 Qd2+ 33. Kh1 Qd1+ 34. Kg2 Qd2+ 35. Kh1 Qe1+ 36. Kg2 1/2-1/2

[Event "Sakthi"]
[Site "Sakthi"]
[Date "1996.??.??"]
[Round "5"]
[White "Murshed, Niaz"]
[Black "Babu, N Sudhakar"]
[Result "1-0"]
[WhiteElo "2510"]
[BlackElo "2445"]
[PlyCount "79"]
[EventDate "1996.??.??"]
[Source "ChessBase"]

1. e4 e5 2. Nc3 Nf6 3. f4 d5 4. fxe5 Nxe4 5. Nf3 Be7 6. d4 f5 7. exf6 Bxf6 8. Bd3 Nxc3 9. bxc3 Qe7+ 10. Ne5 O-O 11. O-O Bxe5 12. Rxf8+ Qxf8 13. Qh5 Bxh2+ 14. Qxh2 Bf5 15. Ba3 Qxa3 16. Bxf5 h6 17. Qxc7 Na6 18. Qxb7 Rd8 19. Qc6 Qd6 20. Qxd6 Rxd6 21. Rb1 Nc7 22. Rb7 Rc6 23. Rxa7 Rxc3 24. a4 Kf8 25. a5 Ke7 26. Rb7 Kd6 27. Bd3 Ra3 28. Rb6+ Kd7 29. a6 Ra4 30. Rg6 Kd8 31. Kf2 Rxd4 32. Rxg7 Ra4 33. Rg6 h5 34. Kg3 Ke7 35. Rh6 d4 36. Rxh5 Nxa6 37. Rh7+ Kd8 38. Ra7 Nc5 39. Rxa4 Nxa4 40. Kf4 1-0

[Event "Sao Paulo"]
[Site "Sao Paulo"]
[Date "1978.??.??"]
[Round "5"]
[White "Castro Rojas, Oscar Humberto"]
[Black "Ivkov, Borislav"]
[Result "1-0"]
[WhiteElo "2425"]
[BlackElo "2515"]
[PlyCount "69"]
[EventDate "1978.05.??"]
[Source "ChessBase"]

1. e4 e5 2. Nc3 Nf6 3. f4 d5 4. fxe5 Nxe4 5. Nf3 Be7 6. d4 Bg4 7. Bd3 Nxc3 8. bxc3 c5 9. O-O c4 10. Be2 Be6 11. Rb1 b6 12. Qe1 h6 13. Nd2 Bh4 14. Qd1 Na6 15. Bg4 O-O 16. Bxe6 fxe6 17. Qg4 Rxf1+ 18. Nxf1 Kf7 19. Qh5+ Kg8 20. Bxh6 gxh6 21. Qg6+ Kh8 22. Qxh6+ Kg8 23. Qxe6+ Kh8 24. g3 Bg5 25. h4 Nc7 26. Qg6 Be7 27. Qh5+ Kg8 28. Ne3 Qe8 29. Qg4+ Kh8 30. Rf1 Bf8 31. Rf5 Bg7 32. Rh5+ Kg8 33. Nf5 Ne6 34. Rh6 Kf7 35. Nd6+ 1-0

[Event "Royan Open"]
[Site "Royan"]
[Date "1988.??.??"]
[Round "?"]
[White "Hector, Jonny"]
[Black "Campora, Daniel H"]
[Result "1/2-1/2"]
[WhiteElo "2400"]
[BlackElo "2540"]
[PlyCount "86"]
[EventDate "1988.??.??"]
[Source "www.chesslib.no"]
[SourceDate "2004.05.04"]

1. e4 e5 2. Nc3 Nf6 3. f4 d5 4. fxe5 Nxe4 5. Nf3 Be7 6. Qe2 Nxc3 7. dxc3 O-O 8. Bf4 c5 9. O-O-O Nc6 10. c4 d4 11. Qe4 Re8 12. h4 g6 13. Bh6 Bf6 14. g4 Nxe5 15. Nxe5 Bxe5 16. Bd3 Bg7 17. Qf4 Qf6 18. Rhg1 Bd7 19. Qd2 Bxh6 20. Qxh6 Qf2 21. Kb1 Re7 22. h5 Rae8 23. a3 Re1 24. hxg6 fxg6 25. Bxg6 Rxg1 26. Qxh7+ Kf8 27. Rxg1 Qxg1+ 28. Ka2 Qf1 29. Qh8+ Ke7 30. Qe5+ Be6 31. Qxc5+ Kd8 32. Qxd4+ Bd7 33. Bxe8 Kxe8 34. g5 Be6 35. b3 Qg2 36. Kb2 a6 37. Qf6 Qe4 38. a4 Bf5 39. Qc3 Kd7 40. b4 a5 41. Qd3+ Qxd3 42. cxd3 Bxd3 43. Kc3 Bb1 1/2-1/2

[Event "Sevilla Open"]
[Site "Seville ESP"]
[Date "1994.??.??"]
[Round "3"]
[White "Mellado Trivino, Juan"]
[Black "Hoffman, Alejandro S"]
[Result "1/2-1/2"]
[WhiteElo "2395"]
[BlackElo "2540"]
[PlyCount "97"]
[EventDate "1994.01.??"]
[Source "www.chesslib.no"]
[SourceDate "2004.05.04"]

1. e4 e5 2. Nc3 Nf6 3. f4 d5 4. fxe5 Nxe4 5. Nf3 Be7 6. Qe2 f5 7. d3 Nxc3 8. bxc3 c5 9. g3 Nc6 10. Bg2 O-O 11. O-O Be6 12. Rb1 Rb8 13. h4 h6 14. Bd2 Qd7 15. Kh1 Rf7 16. Rbe1 Kh8 17. Bf4 b5 18. Rf2 Kg8 19. Bc1 d4 20. cxd4 Nxd4 21. Nxd4 cxd4 22. Bb2 b4 23. Qf3 Rb6 24. Ra1 Rf8 25. Kh2 a5 26. a4 Bc5 27. Qf4 Rbb8 28. Qf3 Qe7 29. Re1 Rbc8 30. Qb7 Rc7 31. Qf3 Bb6 32. h5 Rfc8 33. Ree2 Qd7 34. Qf4 Rf8 35. g4 Qd8 36. gxf5 Rxf5 37. Qg4 Rxe5 38. Qf3 Rf7 39. Qc6 Bc7 40. Kg1 Rxe2 41. Rxe2 Bd7 42. Qc4 Bg4 43. Rf2 Bxh5 44. Bxd4 Kh8 45. Qe6 Kg8 46. Bd5 Qg5+ 47. Kf1 Qc1+ 48. Kg2 Qg5+ 49. Kf1 1/2-1/2

[Event "ISR-chT"]
[Site "?"]
[Date "2003.03.21"]
[Round "7"]
[White "Uritzky Maxim"]
[Black "Gurevich Dmitry"]
[Result "1-0"]
[WhiteElo "2408"]
[BlackElo "2492"]
[PlyCount "63"]
[EventDate "2003.??.??"]
[Source "www.chesslib.no"]
[SourceDate "2004.05.04"]

1. e4 e5 2. Nc3 Nf6 3. f4 d5 4. fxe5 Nxe4 5. Nf3 Be7 6. d3 Nc5 7. d4 Ne6 8. Be2 O-O 9. O-O f5 10. Be3 c6 11. a3 Nd7 12. Kh1 Rf7 13. Nb1 a5 14. c4 dxc4 15. d5 cxd5 16. Qxd5 Nb6 17. Qxd8+ Bxd8 18. Nc3 Bd7 19. Rad1 Kf8 20. Bxb6 Bxb6 21. Bxc4 Rc8 22. Ba2 Rc6 23. Ng5 Nxg5 24. Bxf7 Ke7 25. Bd5 Rxc3 26. bxc3 Ne4 27. Bxe4 fxe4 28. Rb1 Bc5 29. Rxb7 Ke6 30. Re1 Bf2 31. Rxe4 Bc6 32. Re2 1-0

[Event "17th Belgrade Trophy"]
[Site "Obrenovac"]
[Date "2004.11.23"]
[Round "2"]
[White "Rmus, Ante"]
[Black "Todorovic, Goran M"]
[Result "1-0"]
[WhiteElo "2359"]
[BlackElo "2540"]
[PlyCount "63"]
[EventDate "2004.11.22"]
[Source "Roberto Alvarez"]
[SourceDate "2004.11.29"]

1. e4 e5 2. Nc3 Nf6 3. f4 d5 4. fxe5 Nxe4 5. Nf3 Be7 6. Be2 O-O 7. O-O c5 8. Qe1 Nc6 9. d3 Nxc3 10. bxc3 f6 11. d4 fxe5 12. dxe5 Bf5 13. c4 d4 14. Bd3 Qd7 15. Qg3 Qe6 16. Bd2 Rf7 17. Rab1 b6 18. Rbe1 Raf8 19. h3 h6 20. Nh2 Kh8 21. Ng4 h5 22. Nf6 Bxd3 23. cxd3 gxf6 24. exf6 Qd6 25. fxe7 Qxg3 26. exf8=Q+ Rxf8 27. Rxf8+ Kg7 28. Ref1 Qxd3 29. R1f7+ Kg6 30. Rf6+ Kh7 31. R8f7+ Kg8 32. Bh6 1-0

[Event "NED-ch op"]
[Site "Dieren"]
[Date "2004.08.03"]
[Round "7"]
[White "Lemmers, Oscar"]
[Black "Van der Wiel, John TH"]
[Result "1/2-1/2"]
[WhiteElo "2396"]
[BlackElo "2502"]
[PlyCount "50"]
[EventDate "2004.07.27"]
[Source "Roberto Alvarez"]
[SourceDate "2004.08.17"]

1. e4 e5 2. Nc3 Nf6 3. f4 d5 4. fxe5 Nxe4 5. Nf3 Be7 6. d4 Bf5 7. Bd3 c5 8. O-O Nc6 9. Qe1 Bg6 10. Nxe4 dxe4 11. Bxe4 Nxd4 12. Bxg6 hxg6 13. Qe4 Qd7 14. Be3 Qc6 15. Qxc6+ Nxc6 16. Rad1 Rd8 17. c4 b6 18. Rxd8+ Bxd8 19. Bd2 Bc7 20. Bc3 Ke7 21. Rd1 Rd8 22. Rxd8 Bxd8 23. Kf2 Ke6 24. Ke3 Bc7 25. Ke4 f6 1/2-1/2

[Event "Tch (Men) 2005/2006 BEL"]
[Site "?"]
[Date "2006.02.05"]
[Round "8"]
[White "Lemmers Oscar"]
[Black "Zaitsev Mikhail"]
[Result "1/2-1/2"]
[WhiteElo "2425"]
[BlackElo "2458"]
[PlyCount "34"]
[EventDate "2006.??.??"]
[Source "www.chesslib.no"]
[SourceDate "2004.05.04"]

1. e4 e5 2. Nc3 Nf6 3. f4 d5 4. fxe5 Nxe4 5. Nf3 Be7 6. d4 O-O 7. Bd3 f5 8. exf6 Bxf6 9. O-O Nc6 10. Nxe4 dxe4 11. Bxe4 Nxd4 12. Ng5 Bf5 13. c3 Bxg5 14. Bxg5 Qxg5 15. Qxd4 Bxe4 16. Qxe4 Qc5+ 17. Kh1 Qb5 1/2-1/2

[Event "LTU-ch"]
[Site "Kaunas"]
[Date "2001.05.16"]
[Round "10"]
[White "Slapikas, Vytautas"]
[Black "Butnorius, Algimantas"]
[Result "1-0"]
[WhiteElo "2448"]
[BlackElo "2435"]
[PlyCount "47"]
[EventDate "2001.05.10"]
[Source "ChessBase"]
[SourceDate "2001.07.03"]

1. e4 e5 2. Nc3 Nf6 3. f4 d5 4. fxe5 Nxe4 5. Nf3 Be7 6. Qe2 Nxc3 7. dxc3 c5 8. Bf4 Nc6 9. O-O-O Be6 10. Kb1 h6 11. h4 Qa5 12. g3 O-O-O 13. Bh3 Rhe8 14. h5 a6 15. Nh4 Qb5 16. Bxe6+ fxe6 17. Qg4 Bxh4 18. Rxh4 d4 19. cxd4 Nxd4 20. Rhh1 Qc4 21. Qg6 Re7 22. Rd2 Red7 23. Rhd1 Nf5 24. Rxd7 1-0

[Event "Moravka opJ"]
[Site "Moravka"]
[Date "1994.??.??"]
[Round "4"]
[White "Vavra, Pavel"]
[Black "Berzinsh, Roland"]
[Result "0-1"]
[WhiteElo "2365"]
[BlackElo "2475"]
[PlyCount "114"]
[EventDate "1994.??.??"]
[Source "www.chesslib.no"]
[SourceDate "2004.05.04"]

1. e4 e5 2. Nc3 Nf6 3. f4 d5 4. fxe5 Nxe4 5. Nf3 Be7 6. Qe2 Nxc3 7. dxc3 c5 8. Bf4 Nc6 9. O-O-O Qa5 10. a3 Be6 11. Bg5 Bxg5+ 12. Nxg5 Qc7 13. g3 Qe7 14. h4 O-O-O 15. Bg2 Kb8 16. Rhf1 c4 17. Qf2 Nxe5 18. Qd4 f6 19. Nxe6 Qxe6 20. Bxd5 Qg4 21. Qxg4 Nxg4 22. Rfe1 Ne5 23. Re4 Rc8 24. Rdd4 Rhd8 25. Be6 Nc6 26. Rxc4 Rc7 27. g4 g6 28. Re3 Re7 29. Rce4 Ne5 30. Bc4 h6 31. Be2 g5 32. h5 Red7 33. b4 b6 34. Kb2 Rd6 35. c4 Kc7 36. Kc3 R8d7 37. Bd3 Kd8 38. Rg3 Ke7 39. Re1 Rd4 40. c5 bxc5 41. bxc5 R4d5 42. Bf5 Rb7 43. c6 Rc5+ 44. Kd2 Rxc6 45. Rb3 Rbc7 46. Rb8 Kf7 47. Kc1 Kg7 48. Rd1 Nf7 49. Rd2 Rc3 50. Kb2 R3c6 51. Kb1 Nd6 52. Rd8 Nxf5 53. gxf5 Rc5 54. R2d5 Kf7 55. a4 Ke7 56. Rd2 Rxc2 57. Rd1 Rc1+ 0-1

[Event "It Open"]
[Site "Espoo FIN"]
[Date "1989.??.??"]
[Round "?"]
[White "Kivisto, Mikko"]
[Black "Wedberg, Tom"]
[Result "0-1"]
[WhiteElo "2325"]
[BlackElo "2510"]
[PlyCount "136"]
[EventDate "1989.??.??"]
[Source "www.chesslib.no"]
[SourceDate "2004.05.04"]

1. e4 e5 2. Nc3 Nf6 3. f4 d5 4. fxe5 Nxe4 5. Nf3 Be7 6. Qe2 Nxc3 7. dxc3 c6 8. Bf4 Qa5 9. Qd2 Nd7 10. Nd4 O-O 11. Bd3 Nc5 12. O-O Nxd3 13. cxd3 c5 14. Nf3 Bf5 15. Bg5 Qc7 16. Rae1 Rae8 17. Bxe7 Qxe7 18. Nh4 Bxd3 19. Qxd3 Qxh4 20. Qxd5 Qe7 21. a4 b6 22. h3 Rd8 23. Qc4 Rfe8 24. Re2 Qe6 25. Qa6 Qd7 26. Rfe1 Re6 27. Qc4 Qd3 28. Qf4 Qd5 29. Kh2 h6 30. Kg1 Qd7 31. Kh2 Qc7 32. Qc4 Rde8 33. Qd5 Rd8 34. Qc4 Qe7 35. Kh1 Qd7 36. Qf4 Qd5 37. Kh2 Re7 38. Re3 Rde8 39. R1e2 Rd8 40. Re1 Qc6 41. R3e2 Qc7 42. Kg1 Qc6 43. Qc4 Qe6 44. Qf4 Red7 45. Qe4 a6 46. Kh1 b5 47. axb5 axb5 48. Qe3 Rd5 49. Qe4 Re8 50. Qf3 Rd7 51. Kg1 c4 52. Qf2 Qd5 53. Kh2 Qc6 54. Qf5 Rde7 55. Qf2 Qc7 56. Qd4 Rd8 57. Qg4 Re6 58. Qf5 Rde8 59. Re4 Qc6 60. Qg4 Qc5 61. Qg3 Qe7 62. Qf4 Qg5 63. g3 f6 64. Kg2 Rxe5 65. Rxe5 Rxe5 66. Rxe5 Qxf4 67. gxf4 fxe5 68. f5 g6 0-1

[Event "Belgian Interteams"]
[Site "?"]
[Date "2001.??.??"]
[Round "?"]
[White "Lemmers, O."]
[Black "Dutreeuw, M."]
[Result "1/2-1/2"]
[WhiteElo "2400"]
[BlackElo "2410"]
[PlyCount "26"]
[EventDate "2001.??.??"]
[Source "www.chesslib.no"]
[SourceDate "2004.05.04"]

1. e4 e5 2. Nc3 Nf6 3. f4 d5 4. fxe5 Nxe4 5. Nf3 Be7 6. d4 O-O 7. Bd3 f5 8. exf6 Bxf6 9. O-O Nc6 10. Nxe4 dxe4 11. Bxe4 Nxd4 12. Ng5 Bf5 13. c3 Bxg5 1/2-1/2

[Event "Quito"]
[Site "Quito"]
[Date "1975.??.??"]
[Round "5"]
[White "Castro Rojas, Oscar Humberto"]
[Black "Rubinetti, Jorge Alberto"]
[Result "0-1"]
[WhiteElo "2360"]
[BlackElo "2440"]
[PlyCount "80"]
[EventDate "1975.??.??"]
[Source "ChessBase"]

1. e4 e5 2. Nc3 Nf6 3. f4 d5 4. fxe5 Nxe4 5. Nf3 Be7 6. d4 O-O 7. Bd3 Nxc3 8. bxc3 f6 9. O-O Nc6 10. exf6 Bxf6 11. Bf4 Bg4 12. Qe1 Qd7 13. Qg3 Bxf3 14. Rxf3 Nxd4 15. Rff1 Nb5 16. Rab1 c6 17. c4 Nc3 18. Rbe1 Rae8 19. Bd6 Rxe1 20. Rxe1 Bd4+ 21. Kh1 Bf2 22. Qe5 Bxe1 23. Bxf8 Kxf8 24. Qxe1 dxc4 25. Qxc3 cxd3 26. cxd3 b6 27. Qe5 c5 28. h3 h6 29. Qe4 Kg8 30. Qa8+ Kf7 31. Qf3+ Kg6 32. g4 Qe6 33. a3 Kh7 34. Kg2 b5 35. h4 a5 36. d4 cxd4 37. Qd3+ Qg6 38. Qxd4 h5 39. g5 Qf5 40. Kg3 Qg4+ 0-1

[Event "XIV Open HIT 2009 - A"]
[Site "Nova Gorica SLO"]
[Date "2009.02.01"]
[Round "3"]
[White "Tomazini, Aljosa"]
[Black "Sedlak, Nikola"]
[Result "0-1"]
[WhiteElo "2206"]
[BlackElo "2592"]
[PlyCount "84"]
[EventDate "2009.01.31"]
[Source "www.chesslib.no"]
[SourceDate "2004.05.04"]

1. e4 e5 2. Nc3 Nf6 3. f4 d5 4. fxe5 Nxe4 5. Nf3 Be7 6. Qe2 Nxc3 7. dxc3 c5 8. Bf4 Nc6 9. O-O-O Be6 10. Kb1 h6 11. g3 Qa5 12. Qb5 Qc7 13. Qe2 b5 14. h4 c4 15. Bh3 b4 16. Bxe6 fxe6 17. cxb4 Bxb4 18. Nd4 Nxd4 19. Qh5+ Qf7 20. Qxf7+ Kxf7 21. Rxd4 Rab8 22. Rf1 Kg6 23. Kc1 Bc5 24. Rdd1 Kh5 25. c3 Kg4 26. Kc2 Rbf8 27. b3 g5 28. Bd2 Rf2 29. Rxf2 Bxf2 30. bxc4 dxc4 31. Bc1 Bxg3 32. Rd4+ Kf5 33. hxg5 h5 34. Rd1 h4 35. Rf1+ Kxe5 36. Be3 Ke4 37. Bxa7 h3 38. g6 h2 39. Bd4 e5 40. Bc5 Rg8 41. a4 Rxg6 42. a5 Rh6 0-1

[Event "RSFSR Ch"]
[Site "Voronezh RUS"]
[Date "1988.??.??"]
[Round "?"]
[White "Meister, Yakov"]
[Black "Sorokin, Maxim"]
[Result "1/2-1/2"]
[WhiteElo "2385"]
[BlackElo "2400"]
[PlyCount "57"]
[EventDate "1988.??.??"]
[Source "www.chesslib.no"]
[SourceDate "2004.05.04"]

1. e4 e5 2. Nc3 Nf6 3. f4 d5 4. fxe5 Nxe4 5. Nf3 Be7 6. Qe2 Ng5 7. d4 O-O 8. Bxg5 Bxg5 9. Nxg5 Qxg5 10. Qd2 Qxd2+ 11. Kxd2 Be6 12. Nb5 Rc8 13. Bd3 a6 14. Na3 Nd7 15. Rae1 Re8 16. c3 f6 17. exf6 Nxf6 18. Nc2 Bd7 19. Ne3 c6 20. Nf5 Bxf5 21. Bxf5 g6 22. Bd3 Kg7 23. Rhf1 Rxe1 24. Rxe1 Re8 25. Rxe8 Nxe8 26. b3 Kf6 27. c4 Kg5 28. cxd5 cxd5 29. Ke3 1/2-1/2

[Event "Voronezh-ch Region"]
[Site "Voronezh"]
[Date "2004.12.07"]
[Round "5"]
[White "Lukovnikov, A."]
[Black "Raetsky, Alexander"]
[Result "1/2-1/2"]
[WhiteElo "2351"]
[BlackElo "2430"]
[PlyCount "113"]
[EventDate "2004.12.03"]
[Source "Roberto Alvarez"]
[SourceDate "2004.12.13"]

1. e4 e5 2. Nc3 Nf6 3. f4 d5 4. fxe5 Nxe4 5. Nf3 Be7 6. Bd3 Nc5 7. Bb5+ c6 8. d4 cxb5 9. dxc5 Bxc5 10. Qxd5 Qxd5 11. Nxd5 Na6 12. Be3 Bxe3 13. Nxe3 Be6 14. Nd4 Nc7 15. O-O-O O-O 16. Ndf5 f6 17. Ne7+ Kf7 18. exf6 Rfd8 19. N7f5 Rxd1+ 20. Rxd1 Kxf6 21. Rf1 Rb8 22. a3 a6 23. c3 h5 24. h4 g6 25. Ng3+ Ke5 26. Ne2 Nd5 27. Nxd5 Bxd5 28. Nf4 Be4 29. g3 Rd8 30. Re1 Rd6 31. Rg1 Bf5 32. Re1+ Be4 33. Nh3 Kf5 34. Nf2 Bc6 35. Re3 Rd8 36. Kc2 Rd6 37. Rd3 Rxd3 38. Kxd3 b6 39. Kd4 Bb7 40. b3 Bc6 41. Nd3 Bf3 42. Ke3 Bd5 43. b4 Bb3 44. Ne1 Bd5 45. Nc2 Ke5 46. Nd4 Bb7 47. Ne2 Be4 48. Nd4 Kd5 49. Nb3 Bf5 50. Nd2 a5 51. Kf4 a4 52. Ke3 Bc2 53. Kf4 Bd3 54. Kf3 Bf5 55. Ke3 Bc2 56. Kf4 Bd3 57. Ke3 1/2-1/2

[Event "Krumbach Open"]
[Site "Krumbach"]
[Date "1991.??.??"]
[Round "8"]
[White "Roeder, Gerd"]
[Black "Tseitlin, Michael S"]
[Result "0-1"]
[WhiteElo "2290"]
[BlackElo "2490"]
[PlyCount "80"]
[EventDate "1991.03.??"]
[Source "www.chesslib.no"]
[SourceDate "2004.05.04"]

1. e4 e5 2. Nc3 Nf6 3. f4 d5 4. fxe5 Nxe4 5. Nf3 Be7 6. Qe2 f5 7. d3 Nc5 8. g3 d4 9. Nd1 Nc6 10. Bg2 O-O 11. O-O Be6 12. Nf2 h6 13. a3 a5 14. Bd2 Bd5 15. h4 Ne6 16. Nh3 Qd7 17. Kh2 a4 18. Rae1 Ncd8 19. Qf2 c5 20. Nf4 Nxf4 21. gxf4 Ne6 22. Rg1 Rac8 23. Bc1 b5 24. Rd1 Bd8 25. Bh3 Qb7 26. Nd2 c4 27. Ne4 cxd3 28. Nd6 Rxc2 29. Bd2 Qe7 30. Nxf5 Rxf5 31. Bxf5 Ba5 32. Bxd3 Rxd2 33. Rxd2 Bxd2 34. f5 Be3 35. Qg3 Bf4 36. f6 Bxg3+ 37. Rxg3 Qc7 38. Bf5 Qxe5 39. Bxe6+ Bxe6 40. fxg7 d3 0-1

[Event "Corr"]
[Site "?"]
[Date "2000.??.??"]
[Round "?"]
[White "Guidici Gilles"]
[Black "Cadillon Luis"]
[Result "1/2-1/2"]
[WhiteElo "2345"]
[BlackElo "2415"]
[PlyCount "41"]
[EventDate "2000.??.??"]
[Source "www.chesslib.no"]
[SourceDate "2004.05.04"]

1. e4 e5 2. Nc3 Nf6 3. f4 d5 4. fxe5 Nxe4 5. Nf3 Be7 6. d4 Bb4 7. Bd2 Bg4 8. Nxe4 dxe4 9. Bxb4 exf3 10. Qd2 Nc6 11. Bb5 Qd5 12. Bxc6+ Qxc6 13. O-O O-O-O 14. c3 Qg6 15. Qf4 f6 16. exf6 gxf6 17. Rf2 f5 18. h3 Bxh3 19. Qxf3 Bg4 20. Qd3 h5 21. Re1 1/2-1/2

[Event "US Amateur Team East"]
[Site "?"]
[Date "2005.03.21"]
[Round "5"]
[White "Kujovic Michal"]
[Black "Ippolito Dean"]
[Result "1/2-1/2"]
[WhiteElo "2366"]
[BlackElo "2390"]
[PlyCount "34"]
[EventDate "2005.??.??"]
[Source "www.chesslib.no"]
[SourceDate "2004.05.04"]

1. e4 e5 2. Nc3 Nf6 3. f4 d5 4. fxe5 Nxe4 5. Nf3 Be7 6. Qe2 Ng5 7. d4 Nxf3+ 8. Qxf3 Be6 9. Bf4 Qd7 10. Qg3 Nc6 11. O-O-O O-O-O 12. h4 a6 13. h5 g5 14. hxg6 hxg6 15. Rh2 g5 16. Rxh8 Rxh8 17. Be3 f5 1/2-1/2

[Event "NED-chT"]
[Site "NED"]
[Date "2000.03.19"]
[Round "6"]
[White "Lemmers, Oscar"]
[Black "Klip, Hans"]
[Result "1/2-1/2"]
[WhiteElo "2415"]
[BlackElo "2330"]
[PlyCount "66"]
[EventDate "2000.02.05"]
[Source "www.chesslib.no"]
[SourceDate "2004.05.04"]

1. e4 e5 2. Nc3 Nf6 3. f4 d5 4. fxe5 Nxe4 5. Nf3 Be7 6. d4 Bb4 7. Bd2 c5 8. a3 Nxd2 9. Qxd2 cxd4 10. Qxd4 Nc6 11. Bb5 Bxc3+ 12. Qxc3 Qb6 13. Nd4 O-O 14. Bxc6 bxc6 15. Nb3 Ba6 16. O-O-O Rfe8 17. Rhe1 Rab8 18. Nc5 Bc8 19. Re3 Qd8 20. Kb1 Qe7 21. Nb3 Rb6 22. Rde1 Be6 23. Qd4 Reb8 24. Rc3 Bf5 25. Ree3 a5 26. Kc1 Qg5 27. g3 a4 28. h4 Qg4 29. Qxg4 Bxg4 30. Nd4 Rxb2 31. Rxc6 Rb1+ 32. Kd2 Rd1+ 33. Kc3 Ra1 1/2-1/2

[Event "Teheran zt 3.1a"]
[Site "Teheran"]
[Date "2001.04.10"]
[Round "9"]
[White "Mallahi, Amir"]
[Black "Ali, Amjad"]
[Result "1-0"]
[WhiteElo "2382"]
[BlackElo "2360"]
[PlyCount "67"]
[EventDate "2001.04.05"]
[Source "ChessBase"]
[SourceDate "2001.05.06"]

1. e4 e5 2. Nc3 Nf6 3. f4 d5 4. fxe5 Nxe4 5. Nf3 Be7 6. Qe2 f5 7. d3 Nxc3 8. bxc3 c5 9. g3 Be6 10. Bg2 Nc6 11. O-O O-O 12. Kh1 b5 13. d4 c4 14. Bd2 a5 15. a3 Rb8 16. Ng1 Kh8 17. h4 Qd7 18. Nh3 b4 19. axb4 axb4 20. Nf4 bxc3 21. Bxc3 Bb4 22. Bxb4 Rxb4 23. c3 Rb3 24. Qc2 g6 25. Rfb1 Rfb8 26. Rxb3 Rxb3 27. Ra8+ Kg7 28. Kh2 Bf7 29. Qc1 h6 30. Ra3 Rb7 31. Ra6 Ne7 32. Nh5+ gxh5 33. Qxh6+ Kg8 34. e6 1-0

[Event "corr M.055 IECG"]
[Site "?"]
[Date "1998.??.??"]
[Round "?"]
[White "Dunne, Alex"]
[Black "Muttoni, Guillermo Cesar"]
[Result "1/2-1/2"]
[WhiteElo "2335"]
[BlackElo "2380"]
[PlyCount "27"]
[EventDate "1998.??.??"]
[Source "www.chesslib.no"]
[SourceDate "2004.05.04"]

1. e4 e5 2. Nc3 Nf6 3. f4 d5 4. fxe5 Nxe4 5. Nf3 Be7 6. Qe2 Ng5 7. Nxg5 Bxg5 8. d4 Bxc1 9. Rxc1 O-O 10. Qf3 c6 11. Bd3 Qh4+ 12. Qf2 Qxf2+ 13. Kxf2 f6 14. exf6 1/2-1/2